|
|
|
|
| LEADER |
00000ny a22000003n 4500 |
| 005 |
20110525115516.0 |
| 008 |
090130s2004 hiu n s 000 b0eng c |
| 035 |
|
|
|a 2483
|
| 040 |
|
|
|a UMA.RE
|d vLex
|
| 080 |
|
|
|a 331.1/.5(0.034)
|
| 080 |
|
|
|a 349.2(0.034)
|
| 090 |
|
|
|c 266
|d 266
|
| 100 |
1 |
|
|a Rutherglen, George
|
| 245 |
1 |
0 |
|a Major Issues in the Federal Law of Employment Discrimination
|h [Recurso electrn̤ico]
|c George Rutherglen
|
| 250 |
|
|
|a 4th. ed
|
| 256 |
|
|
|a Servicio en ln̕ea
|
| 260 |
|
|
|a Kaneohe, (Hawai) :
|b LLMC,
|c 2004
|
| 504 |
|
|
|a Bibliografa̕
|
| 506 |
1 |
|
|a Contenido solo disponible en los productos indicados
|d vLex Global
|d vLex Global (Academic Edition, excluding Law Schools)
|d vLex Global (U.S. Academic Edition, Law Schools)
|d vLex Global (U.S. Academic Edition, excluding Law Schools)
|d vLex Global (Academic Edition, Law Schools)
|
| 740 |
0 |
|
|a vLex Libros (Servicios en ln̕ea)
|
| 856 |
4 |
0 |
|z Acceso restringido
|u http://vlex.com/source/major-issues-federal-law-employment-discrimination-fourth-edition-2483
|
| 942 |
|
|
|c BOOK
|
| 999 |
0 |
4 |
|a Labor laws and legislation
|b Hawai
|
| 999 |
0 |
4 |
|a Discriminacin̤ en el trabajo
|v En ln̕ea
|